000 00317nam a22001457a 4500
008 230721b ||||| |||| 00| 0 eng d
020 _a9780471159421
041 _aeng
080 _a521
082 _a521FUL
100 _a19
101 _aASTRO
245 _aATAIRWAYS TO THE STARS
_cAVENI . A
942 _2udc
_cBK
999 _c60193
_d60193